[Event "LSS OP-2006-0-00175"]
[Site "LSS email"]
[Date "2006.10.21"]
[Round "?"]
[White "Griffen, John"]
[Black "Heyboer, Peter J"]
[Result "0-1"]
[WhiteElo "573"]
[BlackElo "752"]
[PlyCount "22"]
[EventDate "2006.10.17"]
[EventType "tourn (corr)"]
[EventRounds "4"]
[EventCountry "GER"]
[SourceTitle "Corr 2015"]
[Source "ChessBase"]
[SourceDate "2015.07.17"]
[SourceVersion "1"]
[SourceVersionDate "2015.07.17"]
[SourceQuality "1"]

1. e4 e6 2. d4 d5 3. Nd2 c5 4. Ngf3 Nc6 5. c3 Nf6 6. Nb3 dxe4 7. Ne5 Nxe5 8. Nd2 cxd4 9. cxd4 Qxd4 10. f4 Qe3+ 11. Qe2 Nd3+ 0-1